Parts of the Brain - Statistics

General Stats
  • This quiz has been taken 3,843 times
  • The average score is 8 of 15
Answer Stats
Hint Answer % Correct
Also known as the 'little brain'; involved in motor control Cerebellum
76%
Associated with reasoning, planning and other 'higher functions' Frontal Lobe
74%
Processes visual information Occipital Lobe
65%
Associated with emotion and fear Amygdala
61%
Controls homeostasis, thirst, hunger etc. Hypothalamus
61%
Processes sounds and language Temporal Lobe
61%
Simple structure which regulates breathing, heart rate and blood pressure Brainstem
57%
Associated with movement and orientation Parietal Lobe
56%
Associated with learning and (spatial) memory Hippocampus
54%
Sensory information arrives here and is then sent to the cortex Thalamus
51%
Main branch that connects the brain to the rest of the body Spinal Cord
50%
Material which consists of the 'body' of neurons Grey Matter
42%
The wrinkled outermost layer of the brain Cerebral Cortex
41%
Bundle of neurons that connects the two hemispheres of the brain Corpus Callosum
41%
Material which consists of the axons of neurons White Matter
38%
No matching quizzes found
Score Distribution
Percent of People with Each Score
Percentile by Number Answered
Your Score History
You have not taken this quiz